Marki samochodów - Statystyki

Ogólne statystyki
  • Ten quiz został rozwiązany 43 razy
  • Średni wynik to 8 z 10
Statystyki odpowiedzi
Obrazkowy Odpowiedź % Poprawnych
Mercedes
100%
Tesla
100%
Porsche
97%
Volkswagen
94%
Dodge
91%
Subaru
91%
Maserati
78%
Infiniti
72%
Cadillac
59%
Saab
16%
Nie znaleziono quizów pasujących do podanych kryteriów
Rozkład punktacji
Procent ludzi z każdym wynikiem
Percentyl według liczby udzielonych odpowiedzi
Twoja historia wyników
Nie rozwiązałeś tego quizu